| 000 | 01205nam a2200385 c 4500 | ||
|---|---|---|---|
| 001 | 15666 | ||
| 003 | ES-MaCES | ||
| 005 | 20141221122358.0 | ||
| 008 | 031006s2003 sp bd t 000 | spa d | ||
| 017 |
_aM 27995-2003 _bDL |
||
| 020 | _a8496010066 | ||
| 035 | _aCES20030013958m | ||
| 040 |
_aES-MaCES _bspa _cES-MaCES |
||
| 245 | 0 | 0 |
_aeEspaña 2003 _b: informe anual sobre el desarrollo de la sociedad de la información en España |
| 260 |
_aMadrid _bFundación Auna _c[2003] |
||
| 300 |
_a341 p. _bmapas, gráf. col. _c28 cm |
||
| 541 | _cCompra | ||
| 650 | 4 |
_asociedad _927269 |
|
| 650 | 4 |
_atecnología de la información _930104 |
|
| 650 | 4 |
_atelecomunicaciones _927884 |
|
| 650 | 4 |
_aInternet _930572 |
|
| 650 | 4 |
_acorreo electrónico _929571 |
|
| 650 | 4 |
_acambio tecnológico _928236 |
|
| 650 | 4 |
_aaplicación _929859 |
|
| 650 | 4 |
_aEspaña _926964 |
|
| 650 | 4 |
_a2003 _931178 |
|
| 650 | 4 |
_ainforme _928986 |
|
| 653 | 1 | 0 | _aTransporte-Comunicaciones |
| 710 | 2 |
_aFundación Auna _eed. _93756 |
|
| 787 | 0 |
_teEspaña 2004 _w(ES-MaCES)16642 |
|
| 787 | 0 |
_teEspaña 2002 _w(ES-MaCES)13880 |
|
| 902 | _aLIB Libro | ||
| 942 |
_2CES _cBK _h5.2. |
||
| 999 |
_c15666 _d15666 |
||